Основы маркетинга: учебник для вузов

Bibliographic Details
Main Author: Егоров Ю. Н.
Summary:В учебнике рассматриваются основные понятия и содержание маркетинга как научно-практического направления экономической деятельности, признанного содействовать росту эффективности коммерческих организаций и органов государственного и муниципального управления.Учебник содержит комплексное представление об основных целях, задачах и методах маркетингового управления. Основной акцент делается на изучении практических приемов маркетинга, его конкретного применения в деятельности организаций различного профиля. Учебник включает тренинговые материалы, в основе которых преимущественно практический опыт автора. Предназначен для студентов, аспирантов, преподавателей и специалистов-практиков.
Language:Russian
Published: Москва, Инфра-М, 2014
Series:Высшее образование. Бакалавриат
Subjects:
Format: Book
KOHA link:https://koha.lib.tpu.ru/cgi-bin/koha/opac-detail.pl?biblionumber=243330

MARC

LEADER 00000nam0a2200000 4500
001 243330
005 20231101231948.0
010 |a 9785160036854 
035 |a (RuTPU)RU\TPU\book\264672 
090 |a 243330 
100 |a 20130925d2014 m y0rusy50 ca 
101 0 |a rus 
102 |a RU 
105 |a a j 001zy 
200 1 |a Основы маркетинга  |e учебник для вузов  |f Ю. Н. Егоров 
210 |a Москва  |c Инфра-М  |d 2014 
215 |a 272 с.  |c ил. 
225 1 |a Высшее образование. Бакалавриат 
320 |a Библиогр.: с. 267-268. 
320 |a Словарь терминов: с. 262-266. 
330 |a В учебнике рассматриваются основные понятия и содержание маркетинга как научно-практического направления экономической деятельности, признанного содействовать росту эффективности коммерческих организаций и органов государственного и муниципального управления.Учебник содержит комплексное представление об основных целях, задачах и методах маркетингового управления. Основной акцент делается на изучении практических приемов маркетинга, его конкретного применения в деятельности организаций различного профиля. Учебник включает тренинговые материалы, в основе которых преимущественно практический опыт автора. Предназначен для студентов, аспирантов, преподавателей и специалистов-практиков. 
606 1 |a Маркетинг  |2 stltpush  |3 (RuTPU)RU\TPU\subj\41036  |9 60857 
610 1 |a методология 
610 1 |a концепции 
610 1 |a маркетинговая среда 
610 1 |a маркетинговые исследования 
610 1 |a целевой рынок 
610 1 |a потребители 
610 1 |a управление 
610 1 |a планирование 
610 1 |a бренды 
610 1 |a разработка 
610 1 |a товарные стратегии 
610 1 |a товародвижение 
610 1 |a конкуренция 
610 1 |a ценообразование 
610 1 |a продвижение 
610 1 |a финансы 
610 1 |a контроль 
610 1 |a применение 
610 1 |a маркетинг услуг 
610 1 |a банковский маркетинг 
610 1 |a территориальный маркетинг 
610 1 |a маркетинг идей 
610 1 |a организации 
610 1 |a общество 
610 1 |a критика 
610 1 |a учебники 
686 |a У9(2)212.4я73  |v LBC/SL-A  |2 rubbk 
700 1 |a Егоров  |b Ю. Н. 
801 1 |a RU  |b 63413507  |c 20130925 
801 2 |a RU  |b 63413507  |c 20150624  |g RCR 
942 |c BK 
959 |a 127/20130924  |d 2  |e 429,90  |f ЧЗГЛ:1  |f АНЛ:1